000 00481cam a22001934a 4500
005 20250605164313.0
008 250528s ||||||||||||||||||||||||d
035 _a22602
020 _a9780751721201
040 _aGR-AtMCL
_bgre
_dGR-AtMCL
_eAACR2
245 1 _aBUSINESS BASICS / A STUDY GUIDE FOR DEGREE STUDENTS
250 _a2
260 _bBBP publishing LTD,
_c1997
300 _a326
700 1 _aWhigham David
_98368
942 _cBK
999 _c7650
_d7650